000 00727 a2200193 4500
020 _a0849368960
035 _a(OCoLC)ocm62430948
040 _aDLC
_bDLC
082 0 0 _a621.382
100 1 _aMitlin, Vladimir S.
245 1 0 _aPerformance optimization of digital communications systems
_cVladimir Mitlin.
260 _aBoca Raton :
_bAuerbach Publications,
_c2006.
300 _axi, 208 p. :
_bill. ;
_c25 cm.
650 0 _aDigital communications.
650 0 _aNetwork performance (Telecommunication)
856 4 1 _3Table of contents only
_uhttp://www.loc.gov/catdir/toc/fy0613/2005057244.html
856 4 1 _3Publisher description
_uhttp://www.loc.gov/catdir/enhancements/fy0653/2005057244-d.html
942 _cBK
_k621.382 MIT
_2ddc
999 _c8173
_d8173